BioResources

Salvato in:
Dettagli Bibliografici
Natura: Periodico
Lingua:inglese
Pubblicazione: North Carolina Raleigh N.C.: Dept. of Wood and Paper Science College of Natural Resources
Tags: Aggiungi Tag
Nessun Tag, puoi essere il primo ad aggiungerne!!

MARC

LEADER 00000nls a2200000 4500
001 0247104
005 20250701092118.0
022 |a 1930-2126 
041 0 |a eng 
044 |a US 
245 1 0 |a BioResources 
264 1 |a North Carolina  |b Raleigh N.C.: Dept. of Wood and Paper Science College of Natural Resources